000 00503nam a22001577a 4500
082 _a620.11
_bASH
100 _aAshraf, Ashfa (450690)
_9132280
245 _aDeveloping a Framework for Sustainable Manufacturing in Pakistan’s Textile Industry /
264 _aIslamabad :
_bUSPCAS-E, NUST
_cSeptember, 2025.
300 _axiv, 80 p.
_e+CD
520 _aTH-679
650 _aMS TEE Thesis
_9116575
650 _aMS Thesis
_918721
700 _aSupervisor: Dr. Rabia Liaquat
_9117022
942 _2ddc
_cTHE
999 _c615515
_d615515